[Event "Madrid-chT 2324"]
[Site "Madrid"]
[Date "2024.01.14"]
[Round "5.3"]
[White "Neagu, Roberto Florin"]
[Black "Moreno Ibanez, Miguel"]
[Result "0-1"]
[WhiteElo "2229"]
[BlackElo "2169"]
[PlyCount "72"]
[EventDate "2023.11.19"]
[EventType "team-tourn"]
[EventRounds "14"]
[EventCountry "ESP"]
[SourceTitle "AjedrezenMadrid"]
[Source "lmi"]
[SourceDate "2023.11.19"]
[SourceVersion "1"]
[SourceVersionDate "2024.03.19"]
[SourceQuality "1"]
[WhiteTeam "Alcorcon Diagonal"]
[BlackTeam "Mostoles"]
[WhiteTeamCountry "ESP"]
[BlackTeamCountry "ESP"]

1. d4 Nf6 2. Nf3 e6 3. c4 Bb4+ 4. Bd2 c5 5. g3 Qb6 6. Nc3 cxd4 7. Nb5 Bc5 8. b4
Be7 9. Nfxd4 d6 10. a4 a6 11. a5 Qd8 12. Nc3 d5 13. cxd5 Nxd5 14. Nxd5 Qxd5 15.
Nf3 Nc6 16. Qb1 O-O 17. Bg2 Qb5 18. O-O Qxe2 19. Ra2 Qb5 20. Rc1 h6 21. Rxc6
bxc6 22. Nd4 Qh5 23. Nxc6 Bf6 24. Ne7+ Bxe7 25. Bxa8 Rd8 26. Qe1 Bxb4 27. Rc2
Bxd2 28. Rxd2 Qxa5 29. Rxd8+ Qxd8 30. Qe5 Bd7 31. Be4 Bb5 32. h4 Bc4 33. g4 Bd3
34. Bxd3 Qxd3 35. Qb8+ Kh7 36. Qb7 Qd1+ 0-1

[Event "Madrid-chT 2324"]
[Site "Madrid"]
[Date "2024.01.13"]
[Round "5.4"]
[White "Renteria Becerra, Jorge Elicer"]
[Black "Abbasifar, Hasan"]
[Result "0-1"]
[WhiteElo "2236"]
[BlackElo "2304"]
[PlyCount "74"]
[EventDate "2023.11.19"]
[EventType "team-tourn"]
[EventRounds "14"]
[EventCountry "ESP"]
[SourceTitle "AjedrezenMadrid"]
[Source "lmi"]
[SourceDate "2023.11.19"]
[SourceVersion "1"]
[SourceVersionDate "2024.03.19"]
[SourceQuality "1"]
[WhiteTeam "Blanco y Negro"]
[BlackTeam "Villalba 64"]
[WhiteTeamCountry "ESP"]
[BlackTeamCountry "ESP"]

1. e4 d6 2. d4 Nf6 3. Nc3 g6 4. f4 Bg7 5. Nf3 O-O 6. Be3 c6 7. Bd3 b5 8. Qd2
Nbd7 9. e5 b4 10. Ne4 Nd5 11. O-O Nxe3 12. Qxe3 Nb6 13. c4 bxc3 14. Nxc3 Rb8
15. Rac1 Bd7 16. b3 a5 17. Ng5 f6 18. Nf3 Bh6 19. e6 Bc8 20. Rce1 d5 21. g3 Qd6
22. Re2 Ra8 23. h4 f5 24. Ng5 Bg7 25. Rh2 h6 26. g4 hxg5 27. gxf5 gxf5 28. hxg5
Qxe6 29. Qh3 Kf7 30. Be2 Bxd4+ 31. Kh1 Rh8 32. Bh5+ Kg7 33. Re2 Qf7 34. g6 Qf6
35. Rfe1 e6 36. Nb1 Bd7 37. Nd2 Rxh5 0-1

[Event "Madrid-chT 2324"]
[Site "Madrid"]
[Date "2024.01.14"]
[Round "5.4"]
[White "Calvo Gonzalez, Jose Felix"]
[Black "Lozano Ramirez, Nestor Favian"]
[Result "1/2-1/2"]
[WhiteElo "2179"]
[BlackElo "2216"]
[PlyCount "77"]
[EventDate "2023.11.19"]
[EventType "team-tourn"]
[EventRounds "14"]
[EventCountry "ESP"]
[SourceTitle "AjedrezenMadrid"]
[Source "lmi"]
[SourceDate "2023.11.19"]
[SourceVersion "1"]
[SourceVersionDate "2024.03.19"]
[SourceQuality "1"]
[WhiteTeam "Mostoles"]
[BlackTeam "Alcorcon Diagonal"]
[WhiteTeamCountry "ESP"]
[BlackTeamCountry "ESP"]

1. e4 g6 2. d4 Bg7 3. Nc3 d6 4. Be3 a6 5. Bc4 b5 6. Bb3 Bb7 7. f3 Nd7 8. Nh3 e6
9. Ne2 Ngf6 10. Qd2 h6 11. c3 Qe7 12. Nf2 Nb6 13. O-O a5 14. a4 bxa4 15. Bxa4+
Nxa4 16. Rxa4 Nd7 17. b3 Nb6 18. Ra2 a4 19. bxa4 Rxa4 20. Rxa4 Nxa4 21. Ra1 Nb6
22. Ra7 Bc8 23. Qb2 Qd8 24. Qb4 O-O 25. c4 d5 26. cxd5 exd5 27. Qc5 Re8 28. Bf4
dxe4 29. fxe4 Nd5 30. Bxc7 Nxc7 31. Qxc7 Qxc7 32. Rxc7 Ba6 33. Rc2 Bxe2 34.
Rxe2 Bxd4 35. g3 f5 36. Kf1 Bxf2 37. Kxf2 fxe4 38. Ke3 Kg7 39. Kd4 1/2-1/2

[Event "Madrid-chT 2324"]
[Site "Madrid"]
[Date "2024.01.14"]
[Round "5.4"]
[White "Fernandez Alvarez, Luis"]
[Black "Blanco Garcia, Liliam Barbara"]
[Result "1/2-1/2"]
[WhiteElo "2202"]
[BlackElo "2062"]
[PlyCount "104"]
[EventDate "2023.11.19"]
[EventType "team-tourn"]
[EventRounds "14"]
[EventCountry "ESP"]
[SourceTitle "AjedrezenMadrid"]
[Source "lmi"]
[SourceDate "2023.11.19"]
[SourceVersion "1"]
[SourceVersionDate "2024.03.19"]
[SourceQuality "1"]
[WhiteTeam "San Sebastian de los Reyes"]
[BlackTeam "Collado Villalba"]
[WhiteTeamCountry "ESP"]
[BlackTeamCountry "ESP"]

1. e4 e5 2. Nf3 Nc6 3. Bb5 a6 4. Bxc6 dxc6 5. O-O Bg4 6. h3 h5 7. d3 Qf6 8. Be3
Bxf3 9. Qxf3 Qxf3 10. gxf3 Bd6 11. Nd2 f6 12. Rfb1 Ne7 13. Kf1 g5 14. Ke2 Kf7
15. a4 Ng6 16. Nc4 Ke6 17. b4 b6 18. c3 Rag8 19. Rg1 Rd8 20. Rab1 Rd7 21. Rgd1
Rhd8 22. Ra1 Be7 23. Na3 c5 24. bxc5 Bxc5 25. Nc2 Nf4+ 26. Bxf4 gxf4 27. Rab1
Rg8 28. d4 Bd6 29. Rg1 Rgg7 30. Rxg7 Rxg7 31. d5+ Kd7 32. Kf1 Be7 33. Ne1 Rg8
34. Nd3 Kc8 35. c4 Rd8 36. Ke2 Rg8 37. c5 bxc5 38. Rc1 Kb7 39. Nxc5+ Bxc5 40.
Rxc5 Rd8 41. a5 Rd6 42. Kd3 c6 43. h4 Kc7 44. Kc4 Kb7 45. Kc3 Kc7 46. Kb3 Kd7
47. Kb4 cxd5 48. exd5 f5 49. Kc4 Rg6 50. Kd3 Rd6 51. Kc4 Rg6 52. Kd3 Rd6
1/2-1/2

[Event "Madrid-chT 2324"]
[Site "Madrid"]
[Date "2024.01.14"]
[Round "5.4"]
[White "Gallego Bergada, Antoni"]
[Black "Rodriguez Avila, Alvaro"]
[Result "0-1"]
[WhiteElo "2126"]
[BlackElo "2190"]
[PlyCount "100"]
[EventDate "2023.11.19"]
[EventType "team-tourn"]
[EventRounds "14"]
[EventCountry "ESP"]
[SourceTitle "AjedrezenMadrid"]
[Source "lmi"]
[SourceDate "2023.11.19"]
[SourceVersion "1"]
[SourceVersionDate "2024.03.19"]
[SourceQuality "1"]
[WhiteTeam "San Fernando de Henares"]
[BlackTeam "Tajamar"]
[WhiteTeamCountry "ESP"]
[BlackTeamCountry "ESP"]

1. e4 c5 2. Nf3 d6 3. d4 cxd4 4. Nxd4 Nf6 5. Nc3 Nc6 6. Bg5 e6 7. Qd2 a6 8.
O-O-O Bd7 9. f3 Nxd4 10. Qxd4 h6 11. Be3 Bc6 12. Kb1 d5 13. e5 Nd7 14. f4 Bc5
15. Qd2 Qb6 16. Bxc5 Nxc5 17. Qd4 O-O-O 18. a4 Nd7 19. Qxb6 Nxb6 20. b3 d4 21.
Ne2 Nd5 22. Rxd4 Ne3 23. c3 Nf5 24. Rg1 Nxd4 25. Nxd4 Be4+ 26. Kc1 g5 27. fxg5
hxg5 28. h3 Rh4 29. g4 Rd5 30. Rg3 Rxe5 31. Re3 f6 32. Bc4 Bd5 33. Rxe5 fxe5
34. Nxe6 Bxe6 35. Bxe6+ Kc7 36. Kd2 Rxh3 37. a5 Rg3 38. b4 b6 39. axb6+ Kxb6
40. Bf5 a5 41. bxa5+ Kxa5 42. Kc2 Kb5 43. Kd2 Kc5 44. Be6 Kd6 45. Bc8 e4 46.
Bf5 Ke5 47. Bc8 Kf4 48. c4 Ke5 49. Ke2 Kd4 50. Be6 Rg2+ 0-1

[Event "Madrid-chT 2324"]
[Site "Madrid"]
[Date "2024.01.13"]
[Round "5.5"]
[White "Garcia Luengo, Leandro"]
[Black "Alarcia Astiz, Carlos"]
[Result "1/2-1/2"]
[WhiteElo "2283"]
[BlackElo "2231"]
[PlyCount "38"]
[EventDate "2023.11.19"]
[EventType "team-tourn"]
[EventRounds "14"]
[EventCountry "ESP"]
[SourceTitle "AjedrezenMadrid"]
[Source "lmi"]
[SourceDate "2023.11.19"]
[SourceVersion "1"]
[SourceVersionDate "2024.03.19"]
[SourceQuality "1"]
[WhiteTeam "Villalba 64"]
[BlackTeam "Blanco y Negro"]
[WhiteTeamCountry "ESP"]
[BlackTeamCountry "ESP"]

1. f4 g6 2. Nf3 d5 3. g3 Bg7 4. Bg2 Nf6 5. d3 O-O 6. O-O c6 7. Qe1 Qb6+ 8. e3
Nbd7 9. Nc3 Ne8 10. Kh1 e5 11. fxe5 Nxe5 12. Nxe5 Bxe5 13. e4 dxe4 14. Nxe4 Bg7
15. c3 f5 16. Be3 Qd8 17. Nc5 Nf6 18. Qd2 Nd5 19. Bg5 Qd6 1/2-1/2

[Event "Madrid-chT 2324"]
[Site "Madrid"]
[Date "2024.01.14"]
[Round "5.5"]
[White "Esquivias Quintero, Luis Manuel"]
[Black "Medina Riesgo, Pedro"]
[Result "1/2-1/2"]
[WhiteElo "2276"]
[BlackElo "2167"]
[PlyCount "173"]
[EventDate "2023.11.19"]
[EventType "team-tourn"]
[EventRounds "14"]
[EventCountry "ESP"]
[SourceTitle "AjedrezenMadrid"]
[Source "lmi"]
[SourceDate "2023.11.19"]
[SourceVersion "1"]
[SourceVersionDate "2024.03.19"]
[SourceQuality "1"]
[WhiteTeam "Alcorcon Diagonal"]
[BlackTeam "Mostoles"]
[WhiteTeamCountry "ESP"]
[BlackTeamCountry "ESP"]

1. e4 c5 2. Nf3 g6 3. d4 cxd4 4. Nxd4 Nc6 5. c4 Nf6 6. Nc3 d6 7. f3 Nxd4 8.
Qxd4 Bg7 9. Be3 O-O 10. Qd2 Be6 11. Rc1 Qa5 12. b3 Rfc8 13. Be2 a6 14. Na4
Qxd2+ 15. Kxd2 Nd7 16. g4 Rc7 17. h4 Nc5 18. Nb6 Rf8 19. b4 Nd7 20. Nd5 Bxd5
21. exd5 a5 22. b5 b6 23. Rc2 Nc5 24. h5 e5 25. dxe6 fxe6 26. hxg6 hxg6 27. Bd3
Rxf3 28. Bxg6 Be5 29. Ke2 Rg3 30. Rg1 Rh3 31. Be8 Na4 32. Bc6 Rh2+ 33. Kd3 Nb2+
34. Rxb2 Rxb2 35. Rg2 Rb1 36. Rg1 Rb4 37. Rh1 Kg7 38. Rh6 Kf7 39. g5 Bg7 40.
Rh2 Kf8 41. g6 d5 42. cxd5 exd5 43. Rf2+ Ke7 44. Rf7+ Kd6 45. Bf4+ Rxf4 46.
Rxf4 Re7 47. Rf5 Be5 48. Rf8 Kc5 49. Rd8 Bd6 50. Rh8 Bf4 51. Rd8 Bd6 52. Rc8
Bc7 53. Be8 Kb4 54. Bf7 Be5 55. Rd8 d4 56. Rxd4+ Kxb5 57. Rd5+ Kb4 58. Kc2 Bg7
59. Rh5 Re2+ 60. Kd3 Rg2 61. Rh4+ Ka3 62. Kc4 Rg5 63. Kd3 b5 64. Ke4 a4 65.
Rh3+ Kb4 66. Kf4 Rg1 67. Kf5 Rg2 68. Bd5 Rg1 69. Ke4 Rxg6 70. Bf7 Rg2 71. Rd3
Re2+ 72. Re3 Rc2 73. Kd3 Rc7 74. Rf3 Bh6 75. Kd4 Bd2 76. a3+ Ka5 77. Bd5 Bc1
78. Rh3 Bb2+ 79. Ke4 Rc3 80. Rxc3 Bxc3 81. Kd3 Bb2 82. Kc2 Bxa3 83. Be4 Bd6 84.
Kb2 Be5+ 85. Ka2 Kb4 86. Bg6 Kc3 87. Be8 1/2-1/2

[Event "Madrid-chT 2324"]
[Site "Madrid"]
[Date "2024.01.14"]
[Round "5.5"]
[White "Rodriguez Lopez, David"]
[Black "De la Esperanza Martin, Alberto"]
[Result "1-0"]
[WhiteElo "2161"]
[BlackElo "1976"]
[PlyCount "89"]
[EventDate "2023.11.19"]
[EventType "team-tourn"]
[EventRounds "14"]
[EventCountry "ESP"]
[SourceTitle "AjedrezenMadrid"]
[Source "lmi"]
[SourceDate "2023.11.19"]
[SourceVersion "1"]
[SourceVersionDate "2024.03.19"]
[SourceQuality "1"]
[WhiteTeam "Tajamar"]
[BlackTeam "San Fernando de Henares"]
[WhiteTeamCountry "ESP"]
[BlackTeamCountry "ESP"]

1. e4 e5 2. Nf3 Nc6 3. Bb5 a6 4. Ba4 Nf6 5. d3 b5 6. Bb3 Be7 7. c3 O-O 8. O-O
Re8 9. Re1 d6 10. h3 Na5 11. Bc2 c5 12. Nbd2 Nc6 13. Nf1 Bf8 14. d4 h6 15. Ng3
Qc7 16. d5 Ne7 17. Nh2 Ng6 18. Ng4 Bxg4 19. hxg4 Nf4 20. Nf5 g6 21. Ne3 c4 22.
Kh2 g5 23. Rh1 Qd7 24. g3 Ng6 25. Qf3 Nh7 26. Kg2 Ne7 27. Bd2 Bg7 28. Rh3 Nf8
29. Rah1 Nh7 30. Qd1 f6 31. Qg1 Kf7 32. Qh2 Rh8 33. Ra1 Nf8 34. Rh5 Nfg6 35.
Qg1 Rab8 36. Bd1 Rhc8 37. Be2 a5 38. Qd1 Qb7 39. Rh1 Nf8 40. a4 Qc7 41. axb5
Rxb5 42. Nxc4 Rc5 43. Na3 Qb7 44. Be3 R5c7 45. Nb5 1-0

[Event "Madrid-chT 2324"]
[Site "Madrid"]
[Date "2024.01.14"]
[Round "5.5"]
[White "San Juan Rodriguez, Miguel"]
[Black "Quevedo Marin, Manuel"]
[Result "0-1"]
[WhiteElo "1942"]
[BlackElo "2119"]
[PlyCount "82"]
[EventDate "2023.11.19"]
[EventType "team-tourn"]
[EventRounds "14"]
[EventCountry "ESP"]
[SourceTitle "AjedrezenMadrid"]
[Source "lmi"]
[SourceDate "2023.11.19"]
[SourceVersion "1"]
[SourceVersionDate "2024.03.19"]
[SourceQuality "1"]
[WhiteTeam "Collado Villalba"]
[BlackTeam "San Sebastian de los Reyes"]
[WhiteTeamCountry "ESP"]
[BlackTeamCountry "ESP"]

1. e4 c5 2. Nf3 Nc6 3. Nc3 d6 4. d4 cxd4 5. Nxd4 Nf6 6. Be2 g6 7. h4 h5 8. Bg5
Bg7 9. Nb3 a6 10. O-O b5 11. Re1 O-O 12. Bxf6 Bxf6 13. Bxh5 gxh5 14. Qxh5 e6
15. Re3 Bg7 16. Rd1 Ne5 17. Nd4 Ng6 18. g3 b4 19. Nf3 f6 20. Ne2 Ne5 21. Nxe5
fxe5 22. Red3 Qf6 23. f4 Bb7 24. Rxd6 Bxe4 25. c3 a5 26. Rd7 Bd5 27. Rd6 Qf5
28. Qxf5 Rxf5 29. g4 Rxf4 30. Nxf4 exf4 31. R6xd5 exd5 32. Rxd5 bxc3 33. bxc3
Bxc3 34. Kf2 Rb8 35. Kf3 Rb2 36. Kxf4 Rxa2 37. Kf5 Rf2+ 38. Kg6 Rf6+ 39. Kg5
Ra6 40. Kf5 a4 41. g5 Ra5 0-1

[Event "Madrid-chT 2324"]
[Site "Madrid"]
[Date "2024.01.13"]
[Round "5.6"]
[White "Silva Pena, Angel David"]
[Black "Amador Garcia, Ismael"]
[Result "1/2-1/2"]
[WhiteElo "1895"]
[BlackElo "2204"]
[PlyCount "90"]
[EventDate "2023.11.19"]
[EventType "team-tourn"]
[EventRounds "14"]
[EventCountry "ESP"]
[SourceTitle "AjedrezenMadrid"]
[Source "lmi"]
[SourceDate "2023.11.19"]
[SourceVersion "1"]
[SourceVersionDate "2024.03.19"]
[SourceQuality "1"]
[WhiteTeam "Blanco y Negro"]
[BlackTeam "Villalba 64"]
[WhiteTeamCountry "ESP"]
[BlackTeamCountry "ESP"]

1. e4 c5 2. Nf3 d6 3. Nc3 Nf6 4. d4 cxd4 5. Qxd4 Nc6 6. Qd3 g6 7. Nd5 Bg7 8.
Bg5 Nd7 9. c3 O-O 10. Qe3 Re8 11. Bc4 Nde5 12. Bb3 h6 13. Nxe5 Nxe5 14. Bf4 e6
15. Nb4 a5 16. Nd3 a4 17. Bc2 Nc4 18. Qc1 Kh7 19. O-O e5 20. Bg3 h5 21. h3 h4
22. Bh2 d5 23. exd5 Qxd5 24. Qg5 Qd8 25. Qxd8 Rxd8 26. Rfe1 Bf5 27. Nb4 Bxc2
28. Nxc2 Nxb2 29. Rab1 Nd3 30. Re4 g5 31. Kf1 f5 32. Rc4 Rd7 33. Ne3 Kg6 34.
Rb6+ Bf6 35. a3 Rad8 36. g3 hxg3 37. fxg3 Rh8 38. h4 g4 39. Bg1 Rhd8 40. Rxa4
Nc5 41. Rc4 Ne4 42. Rxe4 fxe4 43. Nxg4 Rd1+ 44. Kg2 R8d2+ 45. Bf2 Rd6 1/2-1/2

[Event "Madrid-chT 2324"]
[Site "Madrid"]
[Date "2024.01.14"]
[Round "5.6"]
[White "Dominguez Alcon, Victor"]
[Black "Horcajuelo Rocamora, Martin"]
[Result "1-0"]
[WhiteElo "2152"]
[BlackElo "2232"]
[PlyCount "107"]
[EventDate "2023.11.19"]
[EventType "team-tourn"]
[EventRounds "14"]
[EventCountry "ESP"]
[SourceTitle "AjedrezenMadrid"]
[Source "lmi"]
[SourceDate "2023.11.19"]
[SourceVersion "1"]
[SourceVersionDate "2024.03.19"]
[SourceQuality "1"]
[WhiteTeam "Mostoles"]
[BlackTeam "Alcorcon Diagonal"]
[WhiteTeamCountry "ESP"]
[BlackTeamCountry "ESP"]

1. d4 Nf6 2. c4 e6 3. Nc3 Bb4 4. f3 c5 5. d5 b5 6. e4 d6 7. Bg5 h6 8. Bh4 e5 9.
cxb5 Qa5 10. Qd2 Nbd7 11. a3 a6 12. bxa6 Bxa6 13. Bxa6 Qxa6 14. Rb1 Bxc3 15.
Qxc3 O-O 16. Ne2 Rfb8 17. Qc2 Rb6 18. O-O Rab8 19. Be1 R6b7 20. Ng3 Nb6 21. Nf5
Nc4 22. Bc3 Kh7 23. Qf2 g6 24. Ne3 Nxe3 25. Qxe3 Qa4 26. Rbe1 g5 27. Re2 Rg8
28. g3 Nh5 29. Qd2 Rb3 30. Kh1 Qc4 31. Ref2 f6 32. Qe2 Qxe2 33. Rxe2 Ra8 34.
Kg2 Kg6 35. Kf2 Ra4 36. Ke1 Kf7 37. Kd1 Ke7 38. Kc2 c4 39. Re3 Kd7 40. Bd2 Rb5
41. Bb4 f5 42. Rc3 Nf6 43. Rxc4 Ra6 44. h3 Nh5 45. g4 Ng3 46. Re1 f4 47. Kd3
Rb7 48. Rec1 Rab6 49. Rc6 h5 50. Rc8 h4 51. Rg8 Rxb4 52. axb4 Rxb4 53. Rg7+ Kd8
54. Ra1 1-0

[Event "Madrid-chT 2324"]
[Site "Madrid"]
[Date "2024.01.14"]
[Round "5.6"]
[White "Rodriguez Lopez, Ruben"]
[Black "Ezcurra Garzo, Adrian"]
[Result "1-0"]
[WhiteElo "1893"]
[BlackElo "1607"]
[PlyCount "51"]
[EventDate "2023.11.19"]
[EventType "team-tourn"]
[EventRounds "14"]
[EventCountry "ESP"]
[SourceTitle "AjedrezenMadrid"]
[Source "lmi"]
[SourceDate "2023.11.19"]
[SourceVersion "1"]
[SourceVersionDate "2024.03.19"]
[SourceQuality "1"]
[WhiteTeam "San Fernando de Henares"]
[BlackTeam "Tajamar"]
[WhiteTeamCountry "ESP"]
[BlackTeamCountry "ESP"]

1. e4 c5 2. Nf3 d6 3. d4 cxd4 4. Nxd4 Nf6 5. Nc3 a6 6. Bc4 e6 7. Qe2 b5 8. Bb3
Bb7 9. Bg5 Be7 10. Bxe6 fxe6 11. Nxe6 Qd7 12. Nxg7+ Kd8 13. O-O-O Ne8 14. Bxe7+
Qxe7 15. Nf5 Qe5 16. Qg4 Kc7 17. f4 Qe6 18. Rhe1 Qg6 19. Qh3 Nd7 20. Nd5+ Bxd5
21. Qc3+ Kb7 22. Rxd5 Qf6 23. Nxd6+ Kb6 24. Qc5+ Ka5 25. Nb7+ Ka4 26. b3# 1-0

[Event "Madrid-chT 2324"]
[Site "Madrid"]
[Date "2024.01.21"]
[Round "6.1"]
[White "Moreno Ruiz, Javier"]
[Black "Elissalt Cardenas, Hector"]
[Result "1/2-1/2"]
[WhiteElo "2403"]
[BlackElo "2342"]
[PlyCount "50"]
[EventDate "2023.11.19"]
[EventType "team-tourn"]
[EventRounds "14"]
[EventCountry "ESP"]
[SourceTitle "AjedrezenMadrid"]
[Source "lmi"]
[SourceDate "2023.11.19"]
[SourceVersion "1"]
[SourceVersionDate "2024.03.19"]
[SourceQuality "1"]
[WhiteTeam "Mostoles"]
[BlackTeam "Tajamar"]
[WhiteTeamCountry "ESP"]
[BlackTeamCountry "ESP"]

1. e4 d6 2. d4 Nf6 3. Bd3 e5 4. c3 Nbd7 5. Nf3 g6 6. O-O Bg7 7. Re1 O-O 8. Bg5
h6 9. Bh4 Qe8 10. Nbd2 Nh5 11. Qc2 Nb6 12. b4 Nf4 13. Bf1 a5 14. dxe5 dxe5 15.
Nb3 Qa4 16. b5 Nc4 17. Nfd2 Nxd2 18. Qxd2 g5 19. Bg3 Qa3 20. Qe3 b6 21. Nd2 Be6
22. Nc4 Qa4 23. Nb2 Qa3 24. Nc4 Qa4 25. Nb2 Qa3 1/2-1/2

[Event "Madrid-chT 2324"]
[Site "Madrid"]
[Date "2024.01.21"]
[Round "6.1"]
[White "Quispe Arteaga, Gabriel"]
[Black "Plazuelo Pascual, Juan"]
[Result "1/2-1/2"]
[WhiteElo "2387"]
[BlackElo "2420"]
[PlyCount "42"]
[EventDate "2023.11.19"]
[EventType "team-tourn"]
[EventRounds "14"]
[EventCountry "ESP"]
[SourceTitle "AjedrezenMadrid"]
[Source "lmi"]
[SourceDate "2023.11.19"]
[SourceVersion "1"]
[SourceVersionDate "2024.03.19"]
[SourceQuality "1"]
[WhiteTeam "Collado Villalba"]
[BlackTeam "Alcorcon Diagonal"]
[WhiteTeamCountry "ESP"]
[BlackTeamCountry "ESP"]

1. c4 e6 2. Nc3 d5 3. d4 Be7 4. cxd5 exd5 5. Bf4 Nf6 6. e3 Bf5 7. Bd3 Bxd3 8.
Qxd3 c6 9. Nf3 Nbd7 10. h3 O-O 11. O-O Re8 12. a3 a5 13. Bh2 Bf8 14. Qc2 Nb6
15. Qb3 Ra7 16. Nd2 Nbd7 17. Rfe1 Qb6 18. Qc2 Raa8 19. Rab1 Qd8 20. Rec1 h6 21.
Qb3 Ra7 1/2-1/2

[Event "Madrid-chT 2324"]
[Site "Madrid"]
[Date "2024.01.21"]
[Round "6.1"]
[White "Reyes Larena, Juan"]
[Black "Taboas Rodriguez, Daniel"]
[Result "1/2-1/2"]
[WhiteElo "2437"]
[BlackElo "2363"]
[PlyCount "106"]
[EventDate "2023.11.19"]
[EventType "team-tourn"]
[EventRounds "14"]
[EventCountry "ESP"]
[SourceTitle "AjedrezenMadrid"]
[Source "lmi"]
[SourceDate "2023.11.19"]
[SourceVersion "1"]
[SourceVersionDate "2024.03.19"]
[SourceQuality "1"]
[WhiteTeam "San Sebastian de los Reyes"]
[BlackTeam "Blanco y Negro"]
[WhiteTeamCountry "ESP"]
[BlackTeamCountry "ESP"]

1. e4 e5 2. Nf3 Nc6 3. Bb5 Nf6 4. d3 d6 5. c3 Bd7 6. O-O g6 7. Nbd2 Bg7 8. Re1
O-O 9. Ba4 Nh5 10. Nf1 Qe8 11. Bb3 Kh8 12. Ne3 f5 13. exf5 gxf5 14. Nd5 Rc8 15.
d4 e4 16. Ng5 Na5 17. Nxc7 Rxc7 18. Bf7 Rxf7 19. Qxh5 Kg8 20. Qxh7+ Kf8 21. Bf4
Rf6 22. Qh4 Qg6 23. Re3 Kg8 24. Rg3 Qh6 25. Qxh6 Rxh6 26. Nxe4 Rh4 27. Bxd6 Rc6
28. Be5 Rg4 29. Rxg4 fxg4 30. Bxg7 Kxg7 31. f3 gxf3 32. gxf3 Bf5 33. Kf2 Nc4
34. b3 Bxe4 35. bxc4 Rf6 36. Ke3 Bxf3 37. d5 b6 38. Rf1 Bg2 39. Rxf6 Kxf6 40.
Kd4 Bh3 41. c5 Ke7 42. c4 Kd7 43. cxb6 axb6 44. c5 Kc7 45. a4 Bd7 46. cxb6+
Kxb6 47. a5+ Kxa5 48. Kc5 Ka6 49. Kd6 Bh3 50. Kc7 Kb5 51. d6 Kc5 52. d7 Bxd7
53. Kxd7 Kd5 1/2-1/2

[Event "Madrid-chT 2324"]
[Site "Madrid"]
[Date "2024.01.21"]
[Round "6.2"]
[White "Centron Antuna, Daniel"]
[Black "Valles Moreno, Ivan"]
[Result "1/2-1/2"]
[WhiteElo "2195"]
[BlackElo "2333"]
[PlyCount "111"]
[EventDate "2023.11.19"]
[EventType "team-tourn"]
[EventRounds "14"]
[EventCountry "ESP"]
[SourceTitle "AjedrezenMadrid"]
[Source "lmi"]
[SourceDate "2023.11.19"]
[SourceVersion "1"]
[SourceVersionDate "2024.03.19"]
[SourceQuality "1"]
[WhiteTeam "Tajamar"]
[BlackTeam "Mostoles"]
[WhiteTeamCountry "ESP"]
[BlackTeamCountry "ESP"]

1. e4 e5 2. Nf3 Nc6 3. d4 exd4 4. Bc4 d6 5. Nxd4 Nf6 6. Nc3 Be7 7. O-O O-O 8.
Nxc6 bxc6 9. Bf4 Nd7 10. Qh5 Bf6 11. Rad1 Qe7 12. Qa5 Ne5 13. Bxe5 dxe5 14. Ba6
Bg4 15. f3 Be6 16. Bb7 Rab8 17. Qxa7 Bg5 18. Rb1 Qf6 19. Bxc6 Qh6 20. Rfe1 Rb6
21. Qxc7 Be3+ 22. Kh1 Rc8 23. Rbd1 Qh4 24. Qxe5 Bf4 25. g3 Bxe5 26. gxh4 Rbxc6
27. Nd5 Kf8 28. c3 Rd8 29. Re2 f6 30. Kg2 h5 31. Rdd2 g5 32. hxg5 fxg5 33. Kf1
Rd7 34. Ke1 Rf7 35. Rf2 Kg7 36. Kd1 Rc8 37. Rg2 Kh6 38. Rd3 Rcf8 39. Ke2 Bb8
40. b4 g4 41. fxg4 Bxg4+ 42. Kd2 Rf2+ 43. Rxf2 Rxf2+ 44. Kc1 Rxa2 45. h3 Be2
46. Rd2 Rxd2 47. Kxd2 Bc4 48. Ke3 Ba7+ 49. Kf3 Kg5 50. Ne3 Be6 51. Nf5 Bb8 52.
b5 Ba7 53. h4+ Kf6 54. Ne3 Ke5 55. Nd5 Bc8 56. b6 1/2-1/2

[Event "Madrid-chT 2324"]
[Site "Madrid"]
[Date "2024.01.21"]
[Round "6.2"]
[White "Hidalgo Duque, Carlos"]
[Black "Rottenwohrer Suarez, Juan"]
[Result "1/2-1/2"]
[WhiteElo "2275"]
[BlackElo "2274"]
[PlyCount "37"]
[EventDate "2023.11.19"]
[EventType "team-tourn"]
[EventRounds "14"]
[EventCountry "ESP"]
[SourceTitle "AjedrezenMadrid"]
[Source "lmi"]
[SourceDate "2023.11.19"]
[SourceVersion "1"]
[SourceVersionDate "2024.03.19"]
[SourceQuality "1"]
[WhiteTeam "Blanco y Negro"]
[BlackTeam "San Sebastian de los Reyes"]
[WhiteTeamCountry "ESP"]
[BlackTeamCountry "ESP"]

1. Nf3 Nf6 2. c4 e6 3. g3 d5 4. d4 Bb4+ 5. Bd2 Be7 6. Bg2 O-O 7. O-O Nbd7 8.
Qc2 c6 9. Rd1 a5 10. a4 dxc4 11. Qxc4 b6 12. Bg5 Ba6 13. Qc2 Nd5 14. Bxe7 Qxe7
15. Nc3 Nb4 16. Qe4 Bc4 17. Rac1 Rac8 18. Nd2 Bd5 19. Nxd5 1/2-1/2

[Event "Madrid-chT 2324"]
[Site "Madrid"]
[Date "2024.01.21"]
[Round "6.2"]
[White "Ruperez Benito, Antonio"]
[Black "Perez Gonzalez, Jose Manuel"]
[Result "1-0"]
[WhiteElo "2311"]
[BlackElo "2193"]
[PlyCount "135"]
[EventDate "2023.11.19"]
[EventType "team-tourn"]
[EventRounds "14"]
[EventCountry "ESP"]
[SourceTitle "AjedrezenMadrid"]
[Source "lmi"]
[SourceDate "2023.11.19"]
[SourceVersion "1"]
[SourceVersionDate "2024.03.19"]
[SourceQuality "1"]
[WhiteTeam "Villalba 64"]
[BlackTeam "San Fernando de Henares"]
[WhiteTeamCountry "ESP"]
[BlackTeamCountry "ESP"]

1. e4 c5 2. Nf3 g6 3. d4 cxd4 4. Qxd4 Nf6 5. Nc3 Nc6 6. Qa4 d6 7. e5 Ng4 8. Bf4
Bg7 9. exd6 O-O 10. Bb5 e5 11. Bg5 Qxd6 12. h3 Nf6 13. Rd1 Qc5 14. Bxf6 Bxf6
15. Ne4 Qe7 16. Bxc6 bxc6 17. Qxc6 Be6 18. Qd6 Rfc8 19. Rd2 Qxd6 20. Nxf6+ Kg7
21. Ne8+ Rxe8 22. Rxd6 Bxa2 23. b3 a5 24. Kd2 a4 25. bxa4 Rxa4 26. Ra1 Bb3 27.
Rxa4 Bxa4 28. c4 f6 29. Kc3 Rc8 30. Nd2 Bc6 31. g3 Kf7 32. Kb4 Ke7 33. c5 Rb8+
34. Kc3 Bd7 35. Rb6 Rc8 36. Kb4 Bc6 37. Nc4 Kd7 38. g4 h6 39. h4 Re8 40. Na5
Bf3 41. Rxf6 Rb8+ 42. Kc3 Bxg4 43. Nc6 Re8 44. Rxg6 h5 45. Rd6+ Kc7 46. Nb4 Rf8
47. Nd5+ Kb8 48. Nf6 Kc7 49. Kd2 Bf3 50. Re6 Bc6 51. Ke1 e4 52. Re7+ Kd8 53.
Re6 Kc7 54. Ke2 Ra8 55. Re7+ Kd8 56. Re6 Ra2+ 57. Ke3 Ra3+ 58. Kd4 Ra4+ 59. Ke5
Kc7 60. Re7+ Kd8 61. Rh7 Ra6 62. Rxh5 Ba8 63. Rh7 Ra5 64. Nd5 Bc6 65. Kd6 Be8
66. c6 Ra6 67. Nb4 Rb6 68. Rh8 1-0